000
00274nam a22001097a 4500
008
170125b xxu||||| |||| 00| 0 eng d
020
_a
0890792747
041
_a
eng
080
_a
61
245
_a
EVALUATION AND TREATMENT OF SWALLOWING DISORDERS
_c
LOGEMANN, J
942
_2
udc
_c
BK
999
_c
3681
_d
3681